000 00553nam a2200229Ia 4500
003 OSt
005 20221005121349.0
006 a|||||r|||| 00| 0
007 ta
008 221004b |||||||| |||| 00| 0 guj d
024 _a44716
037 _cTextual
040 _aCRL
_cCRL
_bguj
041 _2guj
_aguj
082 _aO156,1:g, H9
100 _ahalpatram
_9630478
245 0 _aHalpat pingal
260 _c1963
650 _aGUJRATI LITERATURE
942 _hO156,1:g, H9
_cTEXL
_2cc
999 _c1040917
_d1040917